000 01163cam a2200217 4500
001 ABS63694
008 000000n2001 000 0 eng u
035 _a(Sirsi) u111368
100 _aCavanagh, E.
245 _aRegrouping for action
260 _c2001
490 _aEstates Gazette
_v(0109) 3 March 2001, 120-123(3)
520 _aA special report on the changes in the make-up of surveying practices in Europe. In many instances, UK surveying companies have increased their staff levels. However, they have closed many of their smaller branch offices, consolidating these into one larger office generally in the capital city. Includes graphs indicating the number of offices and staff of major European firms. Also provides a detailed table of key property companies' representation in Europe. Companies included are: Catella, CB Richard Ellis, Colliers International, DTZ, FPDSavills, GVA, Healey & Baker, Jones Lang LaSalle, King Sturge, Knight Frank and Strutt & Parker.
590 _aABS
650 _aSURVEYING COMPANIES
650 _aUNITED KINGDOM
650 _aSTAFFING LEVELS
650 _aOFFICES
690 _aEUROPE
942 _n0
999 _c66346
_d66346